Statistics for Most Dense Rail Networks

Click here to take the quiz!

General Stats

  • This quiz has been taken 41 times
  • The average score is 13 of 15

Answer Stats

Rail meters per km2 Country % Correct
141Switzerland
100%
125Germany
100%
70United Kingdom
100%
95Netherlands
98%
75Japan
98%
62Denmark
98%
118Belgium
95%
69Italy
95%
64Austria
95%
125Czech Republic
90%
90Hungary
85%
75Slovakia
85%
65Poland
85%
106Luxembourg
80%
75Cuba
13%

Score Distribution

Percentile by Number Answered

Percent of People with Each Score

Your Score History

You have not taken this quiz